| 000 -LEADER |
| fixed length control field |
00507cam a22001457a 4500 |
| 008 - FIXED-LENGTH DATA ELEMENTS--GENERAL INFORMATION |
| fixed length control field |
180718b1963 xxu||||| |||| 00| 0 eng d |
| 082 ## - DEWEY DECIMAL CLASSIFICATION NUMBER |
| Classification number |
B7x62 In7 |
| 100 ## - MAIN ENTRY--PERSONAL NAME |
| Personal name |
Alderfer, Harold F. |
| 245 ## - TITLE STATEMENT |
| Title |
Local government in the United Arab Republic |
| Statement of responsibility, etc. |
by Harold F. Alderfer, M. Fathalla El Khatib and Moustsfa Ahmed Fahmy |
| 260 ## - PUBLICATION, DISTRIBUTION, ETC. |
| Place of publication, distribution, etc. |
Cairo |
| Name of publisher, distributor, etc. |
Institute of Public Administration |
| Date of publication, distribution, etc. |
1963 |
| 300 ## - PHYSICAL DESCRIPTION |
| Extent |
64p. |
| 650 ## - SUBJECT ADDED ENTRY--TOPICAL TERM |
| Topical term or geographic name entry element |
Local Government - U.A.R. |
| 700 ## - ADDED ENTRY--PERSONAL NAME |
| Personal name |
Fahmy, Moustsfa Ahmed |
| 700 ## - ADDED ENTRY--PERSONAL NAME |
| Personal name |
El Khatib, M. Fathalla |